Zákaz podnikání pro státní správu.
Ochrana záujmov štátu, zabránenie nežiaducemu úniku informácií a získavaniu neoprávnených výhod viedla k novele zákonníka práce (zákon č. 231/1992 Zb.) s účinnosťou od 29.5.1992. Uvedená úprava určuje pracovníkom v štátnej správe a v niektorých vrcholných štátnych orgánoch ďalšie pracovné povinnosti...
Uložené v:
| Hlavný autor: | |
|---|---|
| Médium: | Kapitola |
| Jazyk: | Czech |
| Predmet: | |
| Tagy: |
Žiadne tagy, Buďte prvý, kto otaguje tento záznam!
|
MARC
| LEADER | 00000naa a2200000 4500 | ||
|---|---|---|---|
| 001 | r008621 | ||
| 005 | 20220831084238.2 | ||
| 041 | 0 | |a cze | |
| 044 | |a [CS] | ||
| 245 | 1 | 0 | |a Zákaz podnikání pro státní správu. |c L. Jouza |
| 520 | |a Ochrana záujmov štátu, zabránenie nežiaducemu úniku informácií a získavaniu neoprávnených výhod viedla k novele zákonníka práce (zákon č. 231/1992 Zb.) s účinnosťou od 29.5.1992. Uvedená úprava určuje pracovníkom v štátnej správe a v niektorých vrcholných štátnych orgánoch ďalšie pracovné povinnosti, s ktorými súvisí právna úprava určitých obmedzení vzťahujúcich sa k mimopracovným aktivitám. | ||
| 610 | 2 | 0 | |a správa štátna |
| 610 | 2 | 0 | |a pracovníci |
| 610 | 2 | 0 | |a podnikanie súkromné |
| 610 | 2 | 0 | |a predpisy právne |
| 610 | 2 | 0 | |a činnosť vedľajšia |
| 100 | 1 | |a Jouza, L. | |